How to Select and use your TAPE Recorder / (Record no. 183354)
[ view plain ]
| 000 -LEADER | |
|---|---|
| fixed length control field | 00787 a2200181 4500 |
| 003 - CONTROL NUMBER IDENTIFIER | |
| control field | Nust |
| 005 - DATE AND TIME OF LATEST TRANSACTION | |
| control field | 20221229161219.0 |
| 040 ## - CATALOGING SOURCE | |
| Transcribing agency | Nust |
| 082 ## - DEWEY DECIMAL CLASSIFICATION NUMBER | |
| Classification number | 621.3893,MAR |
| 100 ## - MAIN ENTRY--PERSONAL NAME | |
| Personal name | Mark David |
| 9 (RLIN) | 80448 |
| 245 ## - TITLE STATEMENT | |
| Title | How to Select and use your TAPE Recorder / |
| Statement of responsibility, etc. | Mark David |
| 260 ## - PUBLICATION, DISTRIBUTION, ETC. | |
| Place of publication, distribution, etc. | London |
| Name of publisher, distributor, etc. | John f Rider |
| Date of publication, distribution, etc. | 1956 |
| 300 ## - PHYSICAL DESCRIPTION | |
| Extent | 140p |
| 505 ## - FORMATTED CONTENTS NOTE | |
| Formatted contents note | Introducing the Tape Recorder (Page-1), How a Tape Recorder Works (Page-8), How to Make a Recording on Tape (Page-28), Using a Tape Recorder in the Home (Page-52), Using a Tape Recorder in Business (Page-65), Using a Tape Recorder in the Professions (Page-74), Increase your Enjoyment of Music (Page-92), How to Select a Tape Recorder (Page-112). |
| 600 ## - SUBJECT ADDED ENTRY--PERSONAL NAME | |
| Personal name | David Mark |
| 9 (RLIN) | 106425 |
| 650 ## - SUBJECT ADDED ENTRY--TOPICAL TERM | |
| Topical term or geographic name entry element | Tape Recorder |
| 9 (RLIN) | 106426 |
| 942 ## - ADDED ENTRY ELEMENTS (KOHA) | |
| Source of classification or shelving scheme | |
| Koha item type | Book |
| Withdrawn status | Lost status | Source of classification or shelving scheme | Damaged status | Not for loan | Permanent Location | Current Location | Shelving location | Date acquired | Full call number | Barcode | Date last seen | Price effective from | Koha item type | Public note |
|---|---|---|---|---|---|---|---|---|---|---|---|---|---|---|
| Military College of Signals (MCS) | Military College of Signals (MCS) | General Stacks | 12/12/2016 | 621.3893,MAR | MCS6695 | 12/08/2016 | 12/12/2016 | Book | Almirah No.39, Shelf No.6 |
